000 00293nam a2200121Ia 4500
008 240731s9999 xx 000 0 und d
022 _a1745-817X
245 0 _aMedieval Archaeology
260 _bRoutledge
856 _uhttps://www.tandfonline.com/loi/ymed20
942 _2ddc
942 _cTFEJ
999 _c78542
_d78542
945 _a1
_bMadushi Gamage
_c1
_dMadushi Gamage